000 00465nam a2200169Ia 4500
008 240729s9999 xx 000 0 und d
022 _a2574-1624
245 0 _aSkin
260 _aUnited States
260 _bNational Society for Cutaneous Medicine
650 _a Infectious and parasitic diseases
650 _a Internal medicine
650 _aMedicine
856 _uhttps://doaj.org/toc/c9ba0cb31fcb4562a7139e430ef92d1d
942 _2ddc
942 _cDOAJEJ
999 _c68897
_d68897
945 _a1
_bMadushi Gamage
_c1
_dMadushi Gamage